Building effective worship teams / (Record no. 12487)

MARC details
000 -LEADER
fixed length control field 00579nam a22002052 4500
001 - CONTROL NUMBER
control field 0000001025
005 - DATE AND TIME OF LATEST TRANSACTION
control field 20151217155807.0
008 - FIXED-LENGTH DATA ELEMENTS--GENERAL INFORMATION
fixed length control field 070223s xx 000 0 eng d
020 ## - INTERNATIONAL STANDARD BOOK NUMBER
International Standard Book Number 996685570X :
Terms of availability KES 240
040 ## - CATALOGING SOURCE
Original cataloging agency KABU
Transcribing agency KABU
050 #0 - LIBRARY OF CONGRESS CALL NUMBER
Classification number BV25
Item number .M59
100 1# - MAIN ENTRY--PERSONAL NAME
Personal name Miya, Florence.
-- 0000149520
245 10 - TITLE STATEMENT
Title Building effective worship teams /
Statement of responsibility, etc. Florence Miya.
260 ## - PUBLICATION, DISTRIBUTION, ETC. (IMPRINT)
Place of publication, distribution, etc. Nairobi :
Name of publisher, distributor, etc. Uzima,
Date of publication, distribution, etc. 2002.
300 ## - PHYSICAL DESCRIPTION
Extent ii, 85 p.
650 #0 - SUBJECT ADDED ENTRY--TOPICAL TERM
Topical term or geographic name as entry element Worship (Christian)
-- 0000149521
908 ## - PUT COMMAND PARAMETER (RLIN)
Put command parameter 070223
950 ## - LOCAL HOLDINGS (RLIN)
-- 1
Holdings
Withdrawn status Lost status Source of classification or shelving scheme Not for loan Home library Current library Date acquired Total Checkouts Full call number Barcode Date last seen Date last checked out Price effective from Koha item type
    Library of Congress Classification   Kabarak, Main Campus Kabarak, Main Campus 17/12/2015 1 BV25 .M59 006394 26/06/2024 11/06/2024 17/12/2015 Africana Collection
Designed with assistance from East African Informatics Ltd